| 000 -LEADER |
| fixed length control field |
00547nam a22000977a 4500 |
| 008 - FIXED-LENGTH DATA ELEMENTS--GENERAL INFORMATION |
| fixed length control field |
211118b ||||| |||| 00| 0 eng d |
| 100 ## - MAIN ENTRY--AUTHOR'S NAME |
| Author's Name |
Johl, Max G |
| 245 ## - TITLE STATEMENT |
| Title |
The United States commemorative stamps of the twentieth century |
| Remainder of title |
vol.2 |
| 260 ## - PUBLICATION, DISTRIBUTION, ETC. (IMPRINT) |
| Place of publication, distribution, etc. |
New York, N.Y. |
| Name of publisher, distributor, etc. |
H.L. Lindquist |
| Date of publication, distribution, etc. |
1947 |
| 650 ## - TOPICAL TERM (Tag) |
| Topical term or geographic name |
United States | Commemorative Issues | 1901-1947 | 20th Century | Postal History | Stamps -- Histories | Production | Errors and Varieties | Plates and Plating | Plate Blocks and Numbers | Designs | Designs -- Unaccepted | Postal Markings | Machine Cancels |